LEADER 01620nam 2200385Ia 450 001 996395723303316 005 20211112191648.0 035 $a(CKB)3810000000018464 035 $a(EEBO)2240975443 035 $a(OCoLC)ocm12272408e 035 $a(OCoLC)12272408 035 $a(EXLCZ)993810000000018464 100 $a19850717d1643 uy | 101 0 $aeng 135 $aurbn#|||a|bb| 200 12$aA true Christian svbject vnder an heathen prince, or, Tertvllians plea for allegiance argued in time of the sixth persecution under the emperour Severvs, Ann. DOM. 204$b[electronic resource] $ewith a briefe application to the citizens of London /$fwritten by a member of the House of Commons 210 $aOxford $cPrinted by Henry Hall$d1643 215 $a[2], 6 p 300 $a"Application to the citizens of famous London" signed Your friend, more then they who vote for warre, Irenaeus Philopolis. 300 $aReproduction of original in Thomason Collection, British Library. 330 $aeebo-0158 606 $aAllegiance$vEarly works to 1800 615 0$aAllegiance 700 $aTertullian$fapproximately 160-approximately 230.$0859945 701 $aMember of the House of Commons$01011319 701 $aPhilopolis$b Irenaeus$01015847 801 0$bEAA 801 1$bEAA 801 2$bm/c 801 2$bUMI 801 2$bWaOLN 906 $aBOOK 912 $a996395723303316 996 $aA true Christian svbject vnder an heathen prince, or, Tertvllians plea for allegiance argued in time of the sixth persecution under the emperour Severvs, Ann. DOM. 204$92386731 997 $aUNISA LEADER 01876nam0 2200409 i 450 001 CFI0023404 005 20231121125427.0 020 $aIT$b87-7860 100 $a20000110d1986 ||||0itac50 ba 101 | $aita 102 $ait 181 1$6z01$ai $bxxxe 182 1$6z01$an 200 1 $a˜Una œmedievistica romana$fOvidio Capitani 210 $aBologna$cPātron$d1986 215 $a75 p.$d22 cm. 225 | $a˜Il œmondo medievale$i. Sezione di storia delle istituzioni, della spiritualitā e delle idee$v16 410 0$1001CFI0036238$12001 $a˜Il œmondo medievale$i. Sezione di storia delle istituzioni, della spiritualitā e delle idee$v16 606 $aMorghen, Raffaello$2FIR$3CFIC010001$9I 606 $aZafarana, Zelina$2FIR$3RMLC001769$9I 606 $aManselli, Raoul$2FIR$3CFIC010003$9I 676 $a907.2$9Storiografia$v21 676 $a907.202$9Storici e storiografi.$v22 700 1$aCapitani$b, Ovidio$3CFIV008174$4070$0142543 801 3$aIT$bIT-01$c20000110 850 $aIT-RM0418 $aIT-RM0459 $aIT-RM0211 $aIT-RM0251 $aIT-RM0151 $aIT-FR0017 899 $aBIBLIOTECA ACCADEMIA NAZ. DEI LINCEI E CORSINIANA$bRM0418 899 $aARCHIVIO DI STATO DI ROMA$bRM0459 899 $aFondazione Marco Besso$bRM0211 899 $aBiblioteca Della Soprintendenza Archivistica Per Il Lazio$bRM0251 899 $aBiblioteca Istituto Storico Italiano Medio Evo - I$bRM0151 899 $aBiblioteca umanistica Giorgio Aprea$bFR0017 $eN 912 $aCFI0023404 950 0$aBiblioteca umanistica Giorgio Aprea$d 52DGA S 331$e 52SBA0000278755 VMB RS $fA $h20220609$i20220609 977 $a 10$a 12$a 14$a 24$a 41$a 52 996 $aMedievistica romana$9719976 997 $aUNICAS